Příspěvek ke kmitání pružně uloženého rotoru s nestejnou tuhostí hřídele /
Uložené v:
| Hlavný autor: | |
|---|---|
| Médium: | Rukopis Kniha |
| Vydavateľské údaje: |
Bratislava :
Service Fachverlag,
1968
|
| Tagy: |
Žiadne tagy, Buďte prvý, kto otaguje tento záznam!
|
MARC
| LEADER | 00000ntm a22000003a 4500 | ||
|---|---|---|---|
| 001 | stu47310 | ||
| 005 | 20150617225712.4 | ||
| 008 | ------s1968----cs----------------------d | ||
| 040 | |a STU |b slo | ||
| 041 | 0 | ||
| 044 | |a cs | ||
| 080 | |a 621.8-752 | ||
| 100 | 1 | |a Oliva, Josef |4 aut | |
| 245 | 1 | |a Příspěvek ke kmitání pružně uloženého rotoru s nestejnou tuhostí hřídele / |c [aut.] Oliva,Jozef | |
| 260 | |a Bratislava : |b Service Fachverlag, |c 1968 | ||
| 300 | |a 51 s | ||
| 996 | |b 284J002669 |c J*10339/DIZ. |l JJSK |s A |a 24 |w stu47310_0001 | ||